| 000 | 00419nam a22001577a 4500 | ||
|---|---|---|---|
| 003 | OSt | ||
| 005 | 20160729143750.0 | ||
| 008 | 160729b xxu||||| |||| 00| 0 eng d | ||
| 020 | _a9780312603182 | ||
| 040 | _cN/A | ||
| 100 | _aLaurie G Kirszner ...at al | ||
| 245 |
_aFountation Frist with Reading _bsentences and paragraphs |
||
| 250 | _a4th ed | ||
| 260 |
_aNewyork _bBedford /St Martins _c2012 |
||
| 942 |
_2lcc _cBK |
||
| 999 |
_c254881 _d254880 |
||